Comparative study of intra-operative complications in senile cataract with ex-yoliation syndrome with and without poster chamber intraocular lens implantation (Record no. 79269)

MARC details
000 -LEADER
fixed length control field 00436nam a2200133Ia 4500
008 - FIXED-LENGTH DATA ELEMENTS--GENERAL INFORMATION
fixed length control field 230917s9999||||xx |||||||||||||| ||und||
040 ## - CATALOGING SOURCE
-- 92884
Original cataloging agency VIVEKANANDA LIBRARY
041 ## - Language
-- English
082 ## - DDC NUMBER
Classification number 617.7 S22C
100 ## - MAIN ENTRY--PERSONAL NAME
Personal name Saini, Janak Raj
245 #0 - TITLE STATEMENT
Title Comparative study of intra-operative complications in senile cataract with ex-yoliation syndrome with and without poster chamber intraocular lens implantation
300 ## - PHYSICAL DESCRIPTION
Pages 80 p.
942 ## - ADDED ENTRY ELEMENTS (KOHA)
Koha item type Thesis
Holdings
Withdrawn status Lost status Damaged status Not for loan Location (home branch) Sublocation or collection (holding branch) Shelving location Date acquired Koha issues (times borrowed) Koha full call number Accession No. Koha date last seen Koha item type
        VIVEKANANDA LIBRARY VIVEKANANDA LIBRARY Reference 13/06/2003   617.7 S22C 155474 17/09/2023 Thesis
© Designed and Maintained by Vivekananda Library, MDU Rohtak